Pays qui mangent le plus de viande par habitant - Statistiques

Statistiques générales
  • Ce quiz a été pris 85 fois
  • Le résultat moyen est 5 sur 7
Statistiques - réponses
Hint Réponse % Correct
124 kg USA
99%
419 kg Chine
87%
94 kg Canada
75%
96 kg Brésil
70%
97 kg Espagne
67%
116 kg Australie
66%
109 kg Argentine
62%
Aucun quiz correspondant
Distribution des résultats
% des personnes avec chaque résultat
Percentile par nombre de réponses
Votre historique - résultats
Vous n’avez pas pris ce quiz